Name the Jedi Council Members in Star Wars: Episode I - Statistics

General Stats
  • This quiz has been taken 32 times
  • The average score is 8 of 12
Answer Stats
Answer % Correct
Yoda
100%
Mace Windu
95%
Ki-Adi-Mundi
82%
Yaddle
77%
Oppo Rancisis
73%
Yarael Poof
73%
Plo Koon
68%
Even Piell
55%
Depa Billaba
41%
Saesee Tiin
41%
Adi Gallia
36%
Eeth Koth
36%
No matching quizzes found
Score Distribution
Percent of People with Each Score
Percentile by Number Answered
Your Score History
You have not taken this quiz